000 01309nam0a22003011 4500
001 RU\INFOCOMM_318\NLR\5000071659
005 20250613102424.0
035 _a(NLR Aleph) 009443135
090 _a8357609
_c8357609
100 _a20121126d1989 |||y0rusy50 ca
101 1 _aeng
_crus
102 _aBG
_aRU
105 _ay z |||||
200 1 _aSurmounting the past
_eThe restructuring of Sov. agriculture as seen by a Bulg. journalist
_e[Interviews with Vasili Starodubtsev, Zigmantas Dokšas, Mikhail Klepikov et al.
_fPlamen Iliev
_gTransl. from the Russ. by Oleg Svetlov]
210 _aM.
_cNovosti
_a[Sofia]
_cB.A.P. publ. house
_d1989
215 _a46 с.
_d19 см
225 1 _aPerestroika press club
300 _aВ вып. дан.: Преодоление: Перестройка сельского хозяйства СССР глазами болг. журналиста / Пламен Илиев
300 _aАвт. указан на обл.
606 _aХозяйственный механизм в сельском хозяйстве
_91889328
_3RU\NLR\AUTH\661149448
620 _aМосква
686 _aУ32(2)-210.2
_2rubbk
700 1 _aIliev
_bP.
_gPlamen
801 1 _aRU
_bNLR
_c20121126
801 0 _aRU
_bINFOCOMM
_gPSBO
852 _aNLR
_jЭк51 Д-4/126
942 _cBOOK
980 _aNB